00313nam a2200109Ia 4500008004100000020001500041100002500056245005200081250001100133260004100144300001800185180205s9999 xx 000 0 und d a9810699301 aMcleod, Raymond, Jr. cSchell GeorgeaManagement information systems / a9th ed aQuezon CitybPearson Educationc2004 aiii,420 pages